=LDR 00000nam 2200000 4500 =001 INLIS000000000004194 =005 20130612092455 =008 ***********************************Ind** =035 ##$$0010-061300000004194 =041 ##$$a Ind =082 ##$$a 659.2 =090 ##$$a 659.2, Rud p =100 ##$$a Rudolft, Doche =245 ##$$a Public relation, teknik dan taktik presentasi untuk pemasaran, Doche Rudolft =260 ##$$a 1993 $b Jakarta =300 ##$$a ix. 84 hlm., 21 cm =650 ##$$a Hubungan masyarakat, pemasaran =850 ##$$a NBPNMAT